Traditional medicine in Africa (Record no. 60244)

MARC details
000 -LEADER
fixed length control field 00699nam a2200193 a 4500
008 - FIXED-LENGTH DATA ELEMENTS--GENERAL INFORMATION
fixed length control field 120416s1995 ||||||||||||||||| || u
020 ## - INTERNATIONAL STANDARD BOOK NUMBER
International Standard Book Number 9966465480
050 ## - LIBRARY OF CONGRESS CALL NUMBER
Classification number SB 294 Tra
100 ## - MAIN ENTRY--PERSONAL NAME
Personal name Sindiga, I
245 10 - TITLE STATEMENT
Title Traditional medicine in Africa
Statement of responsibility, etc. edited by I. Sindiga
260 ## - PUBLICATION, DISTRIBUTION, ETC.
Place of publication, distribution, etc. Nairobi
Name of publisher, distributor, etc. East African Educational Publishing
Date of publication, distribution, etc. 1995
300 ## - PHYSICAL DESCRIPTION
Extent 197 p. : ill.
350 ## - PRICE (NR) (BK AM CF MU VM SE) [OBSOLETE]
Price 0.00
650 #0 - SUBJECT ADDED ENTRY--TOPICAL TERM
Topical term or geographic name entry element AFRICA--SOCIAL LIFE AND CUSTOMS
650 ## - SUBJECT ADDED ENTRY--TOPICAL TERM
Topical term or geographic name entry element Traditional medicine - Africa
700 ## - ADDED ENTRY--PERSONAL NAME
Personal name Kanumah, M. P
700 ## - ADDED ENTRY--PERSONAL NAME
Personal name Chacha, C. Nyaigotti
995 ## - RECOMMENDATION 995 [LOCAL, UNIMARC FRANCE]
-- 0.00
-- CBU-MAIN LIBRARY (Kitwe)
-- 1
-- 16.75
-- 1
-- AVAILABLE
-- Main Library Open Access Collection
Holdings
Withdrawn status Lost status Source of classification or shelving scheme Damaged status Not for loan Home library Current library Shelving location Date acquired Total Checkouts Full call number Barcode Date last seen Price effective from Koha item type
          CBU-MAIN LIBRARY, KITWE. CBU-MAIN LIBRARY, KITWE.   11/30/2022   SB 294 Tra 023996 11/30/2022 11/30/2022 MONOGRAPH